000
00330nam a2200145Ia 4500
008
230917s9999||||xx |||||||||||||| ||und||
040
_e
153334
_a
MAIN
041
_a
English
082
_a
294.6 D511G
100
_a
Dewan Singh
245
0
_a
Gurbani adhian dian samasiavan
260
_c
2004
300
_a
140p p.
942
_c
BK
999
_c
132085
_d
132085